000 01038nam a2200205 i 4500
001 60525
003 ES-MaACL
007 t|
008 031105s1950 ag ||||1| spa d
100 1 _aEsquilo.
_947970
245 1 0 _aSófocles
_b: obras completas /
_cEsquilo.
250 _a2ª ed.
260 _aBuenos Aires :
_bEl Ateneo,
_c[1950] (
_fBartolomé U. Chiesino)
300 _a810 p., 10 lám. ;
_c10 cm.
490 1 _aClásicos inolvidables
505 8 _aContiene: Introducción a la tragedia griega / por Girard. Las siete tragedias de Esquilo / traducido del griego al castellano por Fernando Segundo Brieva Salvatierra. Prometeo encadenado. Los persas. La orestiada. Trilogia trágica. Agamenon. Las coeforas. Las euménides. Las suplicantes. Tragedias de Sófocles / traducidas del griego al castellano por José Alemeny Bolufer. Ayax. Electra. Edipo, Rey. Edipo en Colono. Antígona. Las Traquinias. Filoctetes
830 0 _aClásicos inolvidables
_9230558
852 _aES-MaACL
_jC-8928
_bR.37002
999 _c60525
_d60525